000 00848nam a22002655i 4500
001 13364
003 ES-MaACL
005 20230906150545.0
007 t|
008 950522s1995 sp ||||0| spa j
020 _a84-8023-092-4
040 _aM-BN
_bspa
_cM-BN
080 _a914.603.2 Mallorca (036)
100 1 _aGarcía Marín, Jesús.
_954886
245 1 0 _aMallorca /
_c[texto, Jesús García Marín, Antonio Picazo Muntaner, Leandro Garrido Alvarez].
260 _aMadrid :
_bGaesa,
_cD.L. 1995.
300 _a394 p :
_bil. col. y n ;
_c22 cm.
490 1 _aGuía azul
651 4 _aMallorca-
_vGuías turísticas.
_99015
700 1 _aPicazo Muntaner, Antoni (
_d1960-)
_991815
700 1 _aGarrido Alvarez, Leandro.
_955687
830 0 _aGuía azul
_9228407
852 _aES-MaACL
_jL-20717
_bR.126276
999 _c13364
_d13364